[Event "AUTO-MASTER-1896"]
[Site "http://www.queenalice.com/game.php?id=1193894"]
[Date "2013.6.25"]
[Round "1"]
[White "vivafischer"]
[Black "willyanF"]
[Result "1-0"]
[WhiteElo "2229"]
[BlackElo "2004"]

1. e4 c5 2. c3 d5 3. exd5 Qxd5 4. d4 cxd4 5. cxd4 Nc6 6. Nf3 Bg4 7. Be2 e6 8.
Nc3 Qa5 9. h3 Bh5 10. d5 Rd8 11. Bd2 exd5 12. Nd4 Nxd4 13. Bxh5 Nf6 14. Bf3
Nxf3+ 15. Qxf3 Bb4 16. Qe2+ Be7 17. O-O Rd7 18. Ne4 Qb6 19. Nxf6+ Qxf6 20. Bc3
Qg5 21. Qb5 d4 22. Qxg5 Bxg5 23. Rfe1+ Kd8 24. Bb4 Bf6 25. Rad1 Kc7 26. Rd3 a6
27. Red1 Re8 28. Bc5 Re2 29. Rc1 Kb8 30. Ba3 Rc7 31. Bd6 1-0

[Event "AUTO-MASTER-1896"]
[Site "http://www.queenalice.com/game.php?id=1193895"]
[Date "2013.6.25"]
[Round "1"]
[White "willyanF"]
[Black "vivafischer"]
[Result "0-1"]
[WhiteElo "2023"]
[BlackElo "2253"]

1. d4 e6 2. c4 f5 3. Nc3 d5 4. Nf3 Nf6 5. Bf4 c6 6. e3 Be7 7. Bd3 O-O 8. O-O Ne4
9. cxd5 exd5 10. Qc2 Qe8 11. Ne5 Nd7 12. f3 Nxc3 13. bxc3 Qh5 14. c4 g5 15. Nxd7
Bxd7 16. Be5 Be6 17. a4 Qf7 18. c5 Bf6 19. Bxf6 Qxf6 20. a5 a6 21. Qb2 Rf7 22.
g4 Re8 23. gxf5 Bxf5 24. e4 Bh3 25. Rf2 dxe4 26. fxe4 Qg7 27. Qb3 Be6 28. Qb2
Rxf2 29. Qxf2 Rf8 30. Qb2 Rd8 31. e5 Qd7 32. Rd1 Kg7 33. Bf1 Bd5 34. Bg2 Qg4 35.
Rd2 Bxg2 36. Rxg2 Qd1+ 37. Kf2 Rf8+ 38. Ke3 Rf3+ 39. Ke4 Qd3# 0-1

[Event "AUTO-MASTER-1896"]
[Site "http://www.queenalice.com/game.php?id=1193908"]
[Date "2013.6.25"]
[Round "1"]
[White "AndreaLM"]
[Black "willyanF"]
[Result "1-0"]
[WhiteElo "2217"]
[BlackElo "2019"]

1. d4 d5 2. c4 e6 3. Nc3 Bb4 4. a3 Bxc3+ 5. bxc3 Nf6 6. cxd5 Nxd5 7. e4 Nf6 8.
Bd3 O-O 9. Nf3 Nc6 10. e5 Nd5 11. Bxh7+ Kxh7 12. Ng5+ Kg8 13. Qh5 Re8 14. Qxf7+
Kh8 15. Qh5+ Kg8 16. Qh7+ Kf8 17. Qh8+ Ke7 18. Qxg7# 1-0

[Event "AUTO-MASTER-1896"]
[Site "http://www.queenalice.com/game.php?id=1193909"]
[Date "2013.6.25"]
[Round "1"]
[White "willyanF"]
[Black "AndreaLM"]
[Result "1/2-1/2"]
[WhiteElo "2022"]
[BlackElo "2223"]

1. d4 Nf6 2. c4 c5 3. Nf3 cxd4 4. Nxd4 e5 5. Nf3 Nc6 6. Bg5 e4 7. Nd4 Bc5 8.
Nxc6 bxc6 9. e3 d6 10. Nc3 Qe7 11. Qc2 Bf5 12. Be2 O-O 1/2-1/2

[Event "AUTO-MASTER-1896"]
[Site "http://www.queenalice.com/game.php?id=1193916"]
[Date "2013.6.25"]
[Round "1"]
[White "Rutty"]
[Black "willyanF"]
[Result "1/2-1/2"]
[WhiteElo "2155"]
[BlackElo "2016"]

1. e4 c5 2. Nf3 e6 3. d4 cxd4 4. Nxd4 Nf6 5. Nc3 Bb4 6. Bd3 O-O 7. Bd2 d6 8. O-O
Nbd7 9. a3 Ba5 10. b4 Bc7 11. Nce2 Ne5 12. Be3 a6 13. c4 b6 14. f4 Nxd3 15. Qxd3
Bb7 16. Ng3 Ng4 17. Bd2 d5 18. cxd5 exd5 19. e5 b5 20. h3 Nh6 21. Rae1 Qh4 22.
Ngf5 Nxf5 23. Qxf5 Bb6 24. Be3 Rac8 25. Rc1 Rc4 26. Nc2 Bxe3+ 27. Nxe3 Re4 28.
Rc7 Rxe3 29. Rxb7 Rxa3 30. e6 fxe6 31. Qxe6+ Kh8 32. Qf7 Qf6 33. Qxf6 gxf6 34.
Rc1 d4 35. Rcc7 Rd8 36. Rxh7+ Kg8 37. Rbg7+ Kf8 38. Rf7+ 1/2-1/2

[Event "AUTO-MASTER-1896"]
[Site "http://www.queenalice.com/game.php?id=1193917"]
[Date "2013.6.25"]
[Round "1"]
[White "willyanF"]
[Black "Rutty"]
[Result "0-1"]
[WhiteElo "2015"]
[BlackElo "2129"]

1. d4 d5 2. c4 c6 3. Nf3 Nf6 4. Nc3 Bf5 5. cxd5 cxd5 6. e3 Nc6 7. Bb5 e6 8. O-O
Bd6 9. a3 O-O 10. Nh4 Bg6 11. Qe2 Rc8 12. b4 a6 13. Bxc6 Rxc6 14. Bb2 b5 15.
Rac1 Qd7 16. Nxg6 hxg6 17. f4 Rfc8 18. Qd3 Rc4 19. h3 Bc7 20. g4 Qd6 21. g5 Nh5
22. Ne2 Kh7 23. Kg2 f6 24. h4 e5 25. f5 e4 0-1

[Event "Challenge"]
[Site "http://www.queenalice.com/game.php?id=1198691"]
[Date "2013.7.10"]
[Round "-"]
[White "colatina"]
[Black "willyanF"]
[Result "1-0"]
[WhiteElo "2133"]
[BlackElo "1917"]

1. e4 c5 2. Nf3 e6 3. e5 d6 4. c4 Nc6 5. exd6 Bxd6 6. d3 Nf6 7. Be2 O-O 8. Nc3
b6 9. Ne4 Nxe4 10. dxe4 Bb7 11. Bg5 Qc7 12. Bh4 Ne7 13. Bg3 Rfd8 14. Qc2 Ng6 15.
e5 Nxe5 16. Bh4 Nxf3+ 17. gxf3 f6 18. O-O-O g5 19. Bg3 Bxg3 20. hxg3 f5 21.
Rxd8+ Rxd8 22. Qc3 g4 23. Qf6 Rd6 24. Rh5 Qf7 25. Rg5+ Kf8 26. Qh8+ 1-0

[Event "AUTO-ADV-2830"]
[Site "http://www.queenalice.com/game.php?id=1200998"]
[Date "2013.7.19"]
[Round "2"]
[White "willyanF"]
[Black "Ragnor"]
[Result "0-1"]
[WhiteElo "2011"]
[BlackElo "2158"]

1. d4 Nf6 2. c4 Nc6 3. Nf3 e6 4. Bg5 Bb4+ 5. Nbd2 h6 6. Bxf6 Qxf6 7. e3 e5 8. a3
Bxd2+ 9. Qxd2 d6 10. d5 e4 11. Nd4 Nxd4 12. exd4 Bg4 13. h3 Bd7 14. Be2 Qg6 15.
O-O Bxh3 16. g3 Bxf1 17. Kxf1 f5 18. b4 O-O 19. c5 f4 20. gxf4 Rf6 21. c6 bxc6
22. dxc6 Raf8 0-1

[Event "AUTO-ADV-2830"]
[Site "http://www.queenalice.com/game.php?id=1200999"]
[Date "2013.7.19"]
[Round "2"]
[White "Ragnor"]
[Black "willyanF"]
[Result "1-0"]
[WhiteElo "1987"]
[BlackElo "2037"]

1. e4 c5 2. Bc4 e6 3. Nc3 Nc6 4. Nf3 d6 5. d4 cxd4 6. Nxd4 Nf6 7. Be3 Be7 8. Qe2
O-O 9. O-O Ne5 10. Bb3 b6 11. f4 Ng6 12. f5 exf5 13. Nxf5 Bb7 14. Bg5 h6 15.
Bxh6 gxh6 16. Qe3 Kh7 17. Qxh6+ 1-0

[Event "AUTO-ADV-2874"]
[Site "http://www.queenalice.com/game.php?id=1228350"]
[Date "2013.10.29"]
[Round "2"]
[White "willyanF"]
[Black "Bruscato"]
[Result "0-1"]
[WhiteElo "1891"]
[BlackElo "2008"]

1. d4 c5 2. dxc5 e5 3. Qd5 Nc6 4. Nf3 Nf6 5. Qd1 Bxc5 6. Bg5 Bxf2+ 7. Kxf2 O-O
8. e3 Ne4+ 9. Ke1 Nxg5 10. Nc3 Nxf3+ 11. Qxf3 Qa5 12. Bd3 Nb4 13. Be4 d5 14.
Bxd5 Nxc2+ 15. Kf2 Nxa1 16. Rxa1 Qb4 17. Ne4 Qxb2+ 18. Kg3 Qxa1 19. Ng5 Be6 20.
Be4 Qe1+ 0-1

[Event "AUTO-ADV-2874"]
[Site "http://www.queenalice.com/game.php?id=1228351"]
[Date "2013.10.29"]
[Round "2"]
[White "Bruscato"]
[Black "willyanF"]
[Result "1-0"]
[WhiteElo "1924"]
[BlackElo "1906"]

1. e4 c5 2. Nf3 e6 3. d4 cxd4 4. Nxd4 Nf6 5. Nc3 Bb4 6. Bd3 O-O 7. O-O Bxc3 8.
bxc3 Qc7 9. Bd2 a6 10. f4 Nc6 11. Qf3 Ne7 12. e5 Ne8 13. Qh3 g6 14. Qh6 d6 15.
Rf3 Ng7 16. Rh3 Nh5 17. g4 dxe5 18. gxh5 1-0

[Event "AUTO-ADV-2874"]
[Site "http://www.queenalice.com/game.php?id=1228352"]
[Date "2013.10.29"]
[Round "2"]
[White "willyanF"]
[Black "MackMendes"]
[Result "0-1"]
[WhiteElo "1869"]
[BlackElo "2010"]

1. d4 c6 2. c4 Nf6 3. Nf3 Ne4 4. Qc2 d5 5. Nc3 Bf5 6. cxd5 Nxc3 7. Qxf5 Nxd5 8.
e4 e6 9. Qh3 Nb4 10. Rb1 Nc2+ 11. Kd2 Nxd4 12. Kc3 Nb5+ 13. Kc2 Nd4+ 14. Nxd4
Qxd4 15. Be3 Qa4+ 16. Kd2 Bb4+ 17. Kc1 Qxa2 18. Bd3 Nd7 19. Qg3 g6 20. Kc2 Qa4+
21. b3 Qa2+ 22. Rb2 Qa5 23. Bd4 f6 24. f4 O-O-O 25. Rbb1 e5 26. fxe5 fxe5 27.
Ra1 Qc7 28. Bxa7 b6 0-1

[Event "AUTO-ADV-2874"]
[Site "http://www.queenalice.com/game.php?id=1228353"]
[Date "2013.10.29"]
[Round "2"]
[White "MackMendes"]
[Black "willyanF"]
[Result "1-0"]
[WhiteElo "1999"]
[BlackElo "1880"]

1. d4 e6 2. c4 Nf6 3. a3 Be7 4. Nc3 O-O 5. e4 c5 6. e5 Ne8 7. d5 exd5 8. cxd5 d6
9. Nf3 dxe5 10. Nxe5 Nf6 11. Bc4 a6 12. O-O b5 13. Be2 Bb7 14. Bf3 Bd6 15. Nc6
Qc7 16. g3 Nxc6 17. dxc6 Bxc6 18. Bg5 Be5 19. Re1 Rad8 20. Qe2 Rfe8 21. Bxc6
Qxc6 22. Qc2 h6 23. Bxf6 Qxf6 24. Ne4 Qf5 25. Qxc5 Qg6 26. Nc3 Rc8 27. Qd5 Bf6
28. Rac1 Rxe1+ 29. Rxe1 1-0

[Event "AUTO-OPEN-2994"]
[Site "http://www.queenalice.com/game.php?id=1257596"]
[Date "2014.2.18"]
[Round "2"]
[White "Neimar_Dantas"]
[Black "willyanF"]
[Result "0-1"]
[WhiteElo "2054"]
[BlackElo "1884"]

1. d4 e6 2. Nf3 d5 3. e3 c5 4. Be2 Nf6 5. O-O Nc6 6. b3 Bd6 7. Bb2 Qc7 8. Nbd2
O-O 9. c4 cxd4 10. exd4 dxc4 11. Nxc4 Be7 12. a3 Rd8 13. Rc1 Qf4 14. Qc2 Nd5 15.
Nce5 Nxe5 16. dxe5 Bd7 17. Bd3 h6 18. Qe2 Rac8 19. Qe4 Qxe4 20. Bxe4 Rxc1 21.
Rxc1 Bc6 22. Nd4 Be8 0-1

[Event "AUTO-OPEN-2994"]
[Site "http://www.queenalice.com/game.php?id=1257597"]
[Date "2014.2.18"]
[Round "2"]
[White "willyanF"]
[Black "Neimar_Dantas"]
[Result "1-0"]
[WhiteElo "1859"]
[BlackElo "2079"]

1. d4 c6 2. c4 d5 3. Nc3 Nf6 4. Nf3 e6 5. Bg5 Nbd7 6. e3 Bb4 7. cxd5 cxd5 8. Qc2
O-O 9. Bd3 h6 10. Bh4 a6 11. O-O b5 12. a3 Be7 13. Rac1 Bb7 14. Nd2 Rc8 15. f4
Ng4 16. Bxe7 Qxe7 17. Rf3 Nb6 18. h3 f5 19. hxg4 fxg4 20. Rf2 g3 21. Rf3 Qh4 22.
Nf1 Nc4 23. Rxg3 1-0

[Event "AUTO-OPEN-2994"]
[Site "http://www.queenalice.com/game.php?id=1257602"]
[Date "2014.2.18"]
[Round "2"]
[White "willyanF"]
[Black "chunyi2012"]
[Result "1-0"]
[WhiteElo "1929"]
[BlackElo "2026"]

1. d4 d5 2. c4 Nc6 3. Nc3 dxc4 4. e4 Qxd4 5. Be3 Qxd1+ 6. Rxd1 Be6 7. f4 g6 8.
Nf3 Bg7 9. Nd2 Bxc3 10. bxc3 Nf6 11. h3 Nh5 12. Kf2 Nf6 13. e5 Nd5 14. Nb1 O-O
15. g3 g5 16. Bxc4 1-0

[Event "AUTO-OPEN-2994"]
[Site "http://www.queenalice.com/game.php?id=1257603"]
[Date "2014.2.18"]
[Round "2"]
[White "chunyi2012"]
[Black "willyanF"]
[Result "0-1"]
[WhiteElo "2048"]
[BlackElo "1907"]

1. e4 c5 2. Nf3 e6 3. d3 Nc6 4. Be2 d6 5. O-O Nf6 6. Bf4 Be7 7. Nc3 O-O 8. Be3
a6 9. d4 cxd4 10. Nxd4 Nxd4 11. Qxd4 b5 12. a4 b4 13. Qxb4 d5 14. Qb3 d4 15.
Rad1 e5 0-1